IFM Opac

Guide to shareholders rights. (Record no. 17057)

MARC details
000 -LEADER
fixed length control field 00310nam a22001217a 4500
082 ## - DEWEY DECIMAL CLASSIFICATION NUMBER
Classification number 346.066NAY.
100 ## - MAIN ENTRY--PERSONAL NAME
Personal name Guy Naylor.
245 ## - TITLE STATEMENT
Title Guide to shareholders rights.
260 ## - PUBLICATION, DISTRIBUTION, ETC.
Place of publication, distribution, etc. London.
Name of publisher, distributor, etc. George Allen and Unwin ltd.
Date of publication, distribution, etc. 1969.
300 ## - PHYSICAL DESCRIPTION
Extent 266p.
Other physical details 21cm.
500 ## - GENERAL NOTE
General note Includes glossary and index.
942 ## - ADDED ENTRY ELEMENTS (KOHA)
Koha item type Books
Holdings
Withdrawn status Lost status Source of classification or shelving scheme Damaged status Not for loan Home library Current library Shelving location Date acquired Full call number Barcode Date last seen Price effective from Koha item type
    Dewey Decimal Classification     IFM Main Campus Library IFM Main Campus Library   04/10/2017 346.066NAY. 0000008414 04/10/2017 04/10/2017 Books